000 00395 a2200157 4500
001 25250
020 _a9788599993552
040 _cAnchieta - São Paulo/Itaigara
100 _aSaramago, Alec
240 1 0 _aO colecionador e o cristal do pensamento
_lpor
245 1 0 _aO colecionador e o cristal do pensamento
300 _a130
362 0 _a2013
650 4 _aLiteratura juvenil
942 _cBK
999 _c25250
_d25250